Amazing Grace / (Record no. 33873)
[ view plain ]
| 000 -LEADER | |
|---|---|
| fixed length control field | 01297cam a2200349 a 4500 |
| 001 - CONTROL NUMBER | |
| control field | 580743 |
| 003 - CONTROL NUMBER IDENTIFIER | |
| control field | OSt |
| 005 - DATE AND TIME OF LATEST TRANSACTION | |
| control field | 20140310184346.0 |
| 008 - FIXED-LENGTH DATA ELEMENTS--GENERAL INFORMATION | |
| fixed length control field | 901116s1991 nyua j 000 1 eng |
| 010 ## - LIBRARY OF CONGRESS CONTROL NUMBER | |
| LC control number | 90025108 |
| 020 ## - INTERNATIONAL STANDARD BOOK NUMBER | |
| International Standard Book Number | 0803710402 : |
| Terms of availability | $13.95 |
| 040 ## - CATALOGING SOURCE | |
| Original cataloging agency | DLC |
| Transcribing agency | DLC |
| Modifying agency | DLC |
| 042 ## - AUTHENTICATION CODE | |
| Authentication code | lcac |
| 050 00 - LIBRARY OF CONGRESS CALL NUMBER | |
| Classification number | PZ 7 |
| Item number | .H67562Am 1991 |
| 082 00 - DEWEY DECIMAL CLASSIFICATION NUMBER | |
| Classification number | [E] |
| 100 1# - MAIN ENTRY--PERSONAL NAME | |
| Personal name | Hoffman, Mary, |
| Dates associated with a name | 1945- |
| 9 (RLIN) | 24806 |
| 245 10 - TITLE STATEMENT | |
| Title | Amazing Grace / |
| Statement of responsibility, etc | by Mary Hoffman ; pictures by Caroline Binch. |
| 250 ## - EDITION STATEMENT | |
| Edition statement | 1st ed. |
| 260 ## - PUBLICATION, DISTRIBUTION, ETC. (IMPRINT) | |
| Place of publication, distribution, etc | New York : |
| Name of publisher, distributor, etc | Dial Books for Young Readers, |
| Date of publication, distribution, etc | 1991. |
| 300 ## - PHYSICAL DESCRIPTION | |
| Extent | 1 v. (unpaged) : |
| Other physical details | col. ill. ; |
| Dimensions | 28 cm. |
| 500 ## - GENERAL NOTE | |
| General note | Sequel: Boundless Grace. |
| 520 ## - SUMMARY, ETC. | |
| Summary, etc | Although a classmate says that she cannot play Peter Pan in the school play because she is black, Grace discovers that she can do anything she sets her mind to do. |
| 526 ## - STUDY PROGRAM INFORMATION NOTE | |
| Reading level | 680 |
| 650 #1 - SUBJECT ADDED ENTRY--TOPICAL TERM | |
| Topical term or geographic name as entry element | African Americans |
| Form subdivision | Fiction. |
| 9 (RLIN) | 24807 |
| 650 #1 - SUBJECT ADDED ENTRY--TOPICAL TERM | |
| Topical term or geographic name as entry element | Identity |
| Form subdivision | Fiction. |
| 9 (RLIN) | 24808 |
| 650 #1 - SUBJECT ADDED ENTRY--TOPICAL TERM | |
| Topical term or geographic name as entry element | Theater |
| Form subdivision | Fiction. |
| 9 (RLIN) | 24809 |
| 700 1# - ADDED ENTRY--PERSONAL NAME | |
| Personal name | Binch, Caroline, |
| Relator term | ill. |
| 9 (RLIN) | 24810 |
| 906 ## - LOCAL DATA ELEMENT F, LDF (RLIN) | |
| a | 7 |
| b | cbc |
| c | orignew |
| d | 1 |
| e | ocip |
| f | 19 |
| g | y-gencatlg |
| 942 ## - ADDED ENTRY ELEMENTS (KOHA) | |
| Source of classification or shelving scheme | Library of Congress Classification |
| Koha item type | |
| Withdrawn status | Lost status | Source of classification or shelving scheme | Damaged status | Home library | Current library | Shelving location | Date acquired | Total Checkouts | Full call number | Barcode | Date last seen | Copy number | Price effective from | Koha item type |
|---|---|---|---|---|---|---|---|---|---|---|---|---|---|---|
| Library of Congress Classification | Luxembourg Library | Luxembourg Library | Scholastic Reading Center Section | 10/07/2013 | PZ 7 .H67562Am 1993 | LEX3036 | 04/18/2017 | 1 | 10/07/2013 | Books |